Normal view
MARC view
Entry Personal Name
001 - CONTROL NUMBER
- control field: 1244591
003 - CONTROL NUMBER IDENTIFIER
- control field:
005 - DATE AND TIME OF LATEST TRANSACTION
- control field: 20210629114510.0
008 - FIXED-LENGTH DATA ELEMENTS
- fixed length control field: 210629|| aca||aabn | a|a d
040 ## - CATALOGING SOURCE
- Original cataloging agency:
- Transcribing agency:
100 ## - HEADING--PERSONAL NAME
- Personal name: Rashimi
670 ## - SOURCE DATA FOUND
- Source citation: Work cat.: ()1320792: Khatri, P.V. 1206218, Corporate governance and social responsibility /, 2014
